<?xml version="1.0" encoding="UTF-8"?><?xml-stylesheet type="text/xsl" href="static/style.xsl"?><OAI-PMH xmlns="http://www.openarchives.org/OAI/2.0/" xmlns:xsi="http://www.w3.org/2001/XMLSchema-instance" xsi:schemaLocation="http://www.openarchives.org/OAI/2.0/ http://www.openarchives.org/OAI/2.0/OAI-PMH.xsd"><responseDate>2026-04-27T21:42:38Z</responseDate><request verb="GetRecord" identifier="oai:uvadoc.uva.es:10324/55825" metadataPrefix="marc">https://uvadoc.uva.es/oai/request</request><GetRecord><record><header><identifier>oai:uvadoc.uva.es:10324/55825</identifier><datestamp>2022-10-05T19:02:40Z</datestamp><setSpec>com_10324_971</setSpec><setSpec>com_10324_931</setSpec><setSpec>com_10324_894</setSpec><setSpec>col_10324_972</setSpec></header><metadata><record xmlns="http://www.loc.gov/MARC21/slim" xmlns:doc="http://www.lyncode.com/xoai" xmlns:xsi="http://www.w3.org/2001/XMLSchema-instance" xmlns:dcterms="http://purl.org/dc/terms/" xsi:schemaLocation="http://www.loc.gov/MARC21/slim http://www.loc.gov/standards/marcxml/schema/MARC21slim.xsd">
<leader>00925njm 22002777a 4500</leader>
<datafield tag="042" ind1=" " ind2=" ">
<subfield code="a">dc</subfield>
</datafield>
<datafield tag="720" ind1=" " ind2=" ">
<subfield code="a">Vaca Barahona, Byron Ernesto</subfield>
<subfield code="e">author</subfield>
</datafield>
<datafield tag="720" ind1=" " ind2=" ">
<subfield code="a">Cela Ranilla, José María</subfield>
<subfield code="e">author</subfield>
</datafield>
<datafield tag="720" ind1=" " ind2=" ">
<subfield code="a">Gallardo Echenique, Eliana Esther</subfield>
<subfield code="e">author</subfield>
</datafield>
<datafield tag="260" ind1=" " ind2=" ">
<subfield code="c">2016</subfield>
</datafield>
<datafield tag="520" ind1=" " ind2=" ">
<subfield code="a">Los entornos de simulación 3D con mediación pedagógica favorecen la comunicación e interacción de los estudiantes inmersos en la actividad formativa en el contexto de la secuencia pedagógica planteada, promoviendo así de manera natural el aprendizaje de los estudiantes, generándose dos tipos de comunicación: interacción entre participante y objeto 3D, e interacción del tipo participante con otro participante que en la experiencia es la que se desarrolla más espontáneamente y en mayor cantidad. Se evidencia que el comportamiento y la actuación de los perfiles Strong-Willed y Bridge son distintos. El perfil Strong-Willed se caracteriza por organizar, asumir y distribuir responsabilidades, tomar decisiones, colaborar, liderar el trabajo del grupo, ser persistente y constante. Sin embargo, el perfil Bridge se caracteriza por ser comunicativo, expresivo y motivador del grupo; se apoya en el conocimiento de los miembros del grupo para aprender y desarrollar sus actividades y carece de continuidad durante el desarrollo del trabajo grupal.</subfield>
</datafield>
<datafield tag="520" ind1=" " ind2=" ">
<subfield code="a">3D simulation environments with pedagogical mediation encourage communication and interaction of students of the training activity in the corresponding sequence by promoting their learning. Two types of communication are generated: interaction between participant and object 3D, and interaction between participants, which in practice has demonstrated to be more prolific and spontaneous. There is evidence that the behavior and performance of the Strong-Willed and Bridge profiles are different. The Strong-Willed profile is a learner who is organized, assumes and distributes responsibilities, makes decisions, collaborates, leads the group work, and is persistent and consistent. The Bridge profile is a learner who is communicative, expressive and motivates the group members; relies on the knowledge of the group members to learn and develop his/her activities, and lacks continuity during group work.</subfield>
</datafield>
<datafield tag="024" ind2=" " ind1="8">
<subfield code="a">RIED: revista iberoamericana de educación a distancia, Vol. 19, Nº 2, 2016 (Ejemplar dedicado a: Juegos digitales y gamificación aplicados en el ámbito de la educación), págs. 193-215</subfield>
</datafield>
<datafield tag="024" ind2=" " ind1="8">
<subfield code="a">1138-2783</subfield>
</datafield>
<datafield tag="024" ind2=" " ind1="8">
<subfield code="a">https://uvadoc.uva.es/handle/10324/55825</subfield>
</datafield>
<datafield tag="024" ind2=" " ind1="8">
<subfield code="a">10.5944/ried.19.2.15438</subfield>
</datafield>
<datafield tag="024" ind2=" " ind1="8">
<subfield code="a">193</subfield>
</datafield>
<datafield tag="024" ind2=" " ind1="8">
<subfield code="a">2</subfield>
</datafield>
<datafield tag="024" ind2=" " ind1="8">
<subfield code="a">215</subfield>
</datafield>
<datafield tag="024" ind2=" " ind1="8">
<subfield code="a">RIED. Revista Iberoamericana de Educación a Distancia</subfield>
</datafield>
<datafield tag="024" ind2=" " ind1="8">
<subfield code="a">19</subfield>
</datafield>
<datafield tag="024" ind2=" " ind1="8">
<subfield code="a">1390-3306</subfield>
</datafield>
<datafield ind1=" " ind2=" " tag="653">
<subfield code="a">Enseñanza asistida por ordenador</subfield>
</datafield>
<datafield ind1=" " ind2=" " tag="653">
<subfield code="a">Equipos de trabajo</subfield>
</datafield>
<datafield ind1=" " ind2=" " tag="653">
<subfield code="a">Simulacion por ordenador</subfield>
</datafield>
<datafield ind1=" " ind2=" " tag="653">
<subfield code="a">Comunicación - Innovaciones tecnológicas</subfield>
</datafield>
<datafield ind1=" " ind2=" " tag="653">
<subfield code="a">Tecnología de la información - Aspecto social</subfield>
</datafield>
<datafield ind1=" " ind2=" " tag="653">
<subfield code="a">Realidad virtual</subfield>
</datafield>
<datafield ind1=" " ind2=" " tag="653">
<subfield code="a">Three-dimensional display systems</subfield>
</datafield>
<datafield tag="245" ind1="0" ind2="0">
<subfield code="a">Perfiles de aprendizaje y trabajo colaborativo en entornos de simulación en 3D</subfield>
</datafield>
</record></metadata></record></GetRecord></OAI-PMH>